00662nam a2200193Ia 4500008004100000100002300041245014000064260001100204300002000215440004200235521000800277650002600285650001300311650001900324650001500343942000700358999001900365952008400384140626s9999 xx 000 0 und d aHuang, Tsuey-Yuan. aModerating effectof psychosocial factors for dyspnea in Taiwanese and American heart failure patients /cTsuey-Yuan Huang ... [et al.]. cc2013. a21 : 1, page 49 aThe Journal of Nursing Research (JNR) aNUR aCultural differences. aDyspnea. aHeart failure. aModerator. cSE c121397d121397 001040aCLbCLcPERd2014-06-26l0pS0505r2014-06-26 00:00:00w2014-06-26ySE